000
00262nam a2200097Ia 4500
005
20250424112931.0
008
250424s9999 xx 000 0 und d
300
_a
v, 123 p. ; 23 cm.
650
_a
International business enterprises. Business ethics.
942
_c
SR
999
_c
37960
_d
37960